[Event "Moscow Open F"]
[Site "?"]
[Date "2017.01.29"]
[Round "3.1"]
[White "Pahomov, Ruslan"]
[Black "Bernadskiy, Vitaliy"]
[Result "1/2-1/2"]
[BlackElo "2540"]
[WhiteElo "2270"]
[LiveChessVersion "1.4.8"]

1. e4 {[%clk 1:30:57]} e6 {[%clk 1:21:40]} 2. Nf3 {[%clk 1:30:55]} d5
{[%clk 1:22:02]} 3. exd5 {[%clk 1:31:19]} exd5 {[%clk 1:22:25]} 4. d4
{[%clk 1:31:45]} Bd6 {[%clk 1:21:59]} 5. Bd3 {[%clk 1:31:46]} Bg4
{[%clk 1:21:46]} 6. Be3 {[%clk 1:25:07]} Ne7 {[%clk 1:21:45]} 7. h3
{[%clk 1:23:45]} Bh5 {[%clk 1:21:51]} 8. Nc3 {[%clk 1:23:58]} c6 {[%clk 1:20:03]}
9. g4 {[%clk 1:17:54]} Bg6 {[%clk 1:20:07]} 10. Qd2 {[%clk 1:17:22]} Nd7
{[%clk 1:19:33]} 11. Ne2 {[%clk 1:15:39]} Bxd3 {[%clk 1:15:58]} 12. Qxd3
{[%clk 1:14:32]} Qc7 {[%clk 1:16:20]} 13. O-O-O {[%clk 1:14:10]} Ng6
{[%clk 1:09:57]} 14. Kb1 {[%clk 1:11:37]} O-O-O {[%clk 1:00:28]} 15. Rde1
{[%clk 1:01:26]} Kb8 {[%clk 1:00:07]} 16. Rhg1 {[%clk 0:50:46]} Rde8
{[%clk 0:56:33]} 17. Ng3 {[%clk 0:42:08]} Bxg3 {[%clk 0:54:01]} 18. Rxg3
{[%clk 0:41:36]} Nf6 {[%clk 0:54:16]} 19. Rgg1 {[%clk 0:40:32]} Re6
{[%clk 0:44:52]} 20. Re2 {[%clk 0:27:08]} Rhe8 {[%clk 0:38:11]} 21. Rge1
{[%clk 0:25:55]} h6 {[%clk 0:20:35]} 22. Ne5 {[%clk 0:22:52]} Nxe5
{[%clk 0:19:44]} 23. dxe5 {[%clk 0:23:21]} Nd7 {[%clk 0:19:50]} 24. f4
{[%clk 0:22:55]} g5 {[%clk 0:18:42]} 25. fxg5 {[%clk 0:21:24]} Nxe5
{[%clk 0:18:36]} 26. Qc3 {[%clk 0:17:58]} Ng6 {[%clk 0:04:15]} 27. gxh6
{[%clk 0:07:43]} Kc8 {[%clk 0:04:42]} 28. h7 {[%clk 0:06:16]} Qg3
{[%clk 0:03:25]} 29. a3 {[%clk 0:01:18]} Qxh3 {[%clk 0:03:48]} 30. Qg7
{[%clk 0:01:17]} Qxg4 {[%clk 0:04:02]} 31. Qxf7 {[%clk 0:01:21]} Nh8
{[%clk 0:03:13]} 32. Qf1 {[%clk 0:00:39]} Qh5 {[%clk 0:02:21]} 33. Rg2
{[%clk 0:00:41]} Qxh7 {[%clk 0:02:38]} 34. Bd2 {[%clk 0:00:58]} Rxe1+
{[%clk 0:01:38]} 35. Bxe1 {[%clk 0:01:27]} Nf7 {[%clk 0:01:59]} 36. Bc3
{[%clk 0:01:31]} Nd6 {[%clk 0:02:18]} 37. Rg7 {[%clk 0:01:46]} Qf5
{[%clk 0:02:41]} 38. Qg1 {[%clk 0:01:30]} Nb5 {[%clk 0:02:33]} 39. Qc5
{[%clk 0:00:40]} Qf8 {[%clk 0:02:02]} 40. Qxf8 {[%clk 0:00:37]} Nxc3+
{[%clk 0:01:59]} 41. bxc3 {[%clk 0:01:06]} Rxf8 {[%clk 0:02:24]} 42. Kb2
{[%clk 0:01:26]} Rf4 {[%clk 0:02:49]} 43. Rh7 {[%clk 0:01:35]} a5
{[%clk 0:02:44]} 44. Kb3 {[%clk 0:01:44]} Kb8 {[%clk 0:02:58]} 45. Rg7
{[%clk 0:02:02]} Ka7 {[%clk 0:03:19]} 46. Rh7 {[%clk 0:02:18]} Ka6
{[%clk 0:03:25]} 47. Rc7 {[%clk 0:02:20]} Rf6 {[%clk 0:02:53]} 48. Rd7
{[%clk 0:02:03]} Rf4 {[%clk 0:02:07]} 49. Rc7 {[%clk 0:02:18]} Kb6
{[%clk 0:02:31]} 50. Rd7 {[%clk 0:02:42]} Rf3 {[%clk 0:02:49]} 51. Kb2
{[%clk 0:02:56]} Rf1 {[%clk 0:02:32]} 52. Ka2 {[%clk 0:03:19]} Rd1
{[%clk 0:02:16]} 53. Kb2 {[%clk 0:03:23]} Rh1 {[%clk 0:01:50]} 54. Ka2
{[%clk 0:03:38]} Ka6 {[%clk 0:01:12]} 55. Rc7 {[%clk 0:03:53]} Rh4
{[%clk 0:01:27]} 56. Kb2 {[%clk 0:04:07]} Rc4 {[%clk 0:01:47]} 57. Rc8
{[%clk 0:03:49]} Kb5 {[%clk 0:02:10]} 58. Rc7 {[%clk 0:03:38]} b6
{[%clk 0:02:37]} 59. Rc8 {[%clk 0:03:45]} Re4 {[%clk 0:02:25]} 60. Rc7
{[%clk 0:04:00]} Re3 {[%clk 0:02:24]} 61. Rh7 {[%clk 0:02:54]} c5
{[%clk 0:01:54]} 62. Rh6 {[%clk 0:02:37]} a4 {[%clk 0:02:01]} 63. Rh4
{[%clk 0:01:40]} Re4 {[%clk 0:02:01]} 64. Rh6 {[%clk 0:02:09]} Re3
{[%clk 0:01:04]} 65. Rh4 {[%clk 0:02:27]} Re6 {[%clk 0:01:22]} 66. Rg4
{[%clk 0:02:42]} Ka5 {[%clk 0:01:30]} 67. Rg5 {[%clk 0:02:37]} Rd6
{[%clk 0:01:56]} 68. Rh5 {[%clk 0:02:28]} b5 {[%clk 0:01:19]} 69. Rh8
{[%clk 0:02:35]} Rd7 {[%clk 0:00:47]} 70. Rg8 {[%clk 0:02:33]} Kb6
{[%clk 0:01:07]} 71. Rg6+ {[%clk 0:02:54]} Kc7 {[%clk 0:01:32]} 72. Rh6
{[%clk 0:03:04]} Rd6 {[%clk 0:01:52]} 73. Rh8 {[%clk 0:03:22]} d4
{[%clk 0:01:37]} 74. cxd4 {[%clk 0:03:51]} Rxd4 {[%clk 0:01:42]} 75. Rh7+
{[%clk 0:03:10]} Kc6 {[%clk 0:02:04]} 76. Rh5 {[%clk 0:03:15]} Re4
{[%clk 0:02:15]} 77. Rg5 {[%clk 0:02:18]} Kd6 {[%clk 0:02:34]} 78. Rh5
{[%clk 0:01:46]} Re5 {[%clk 0:02:58]} 79. Rh8 {[%clk 0:01:27]} Kd5
{[%clk 0:03:21]} 80. Ra8 {[%clk 0:01:24]} Kd4 {[%clk 0:03:25]} 81. Rd8+
{[%clk 0:01:26]} Rd5 {[%clk 0:03:22]} 82. Rh8 {[%clk 0:01:43]} Kc4
{[%clk 0:03:12]} 83. Ra8 {[%clk 0:02:05]} Re5 {[%clk 0:02:40]} 84. Ra7
{[%clk 0:02:18]} Re3 {[%clk 0:03:05]} 85. Ra8 {[%clk 0:01:39]} Rh3
{[%clk 0:02:11]} 86. Ra7 {[%clk 0:02:01]} Rh5 {[%clk 0:02:32]} 87. Ra8
{[%clk 0:02:19]} Rh6 {[%clk 0:01:22]} 88. Ra7 {[%clk 0:02:39]} Rd6
{[%clk 0:01:06]} 89. Ra8 {[%clk 0:02:53]} Kd5 {[%clk 0:01:17]} 90. Rh8
{[%clk 0:02:22]} Re6 {[%clk 0:00:57]} 91. Rd8+ {[%clk 0:02:06]} Kc6
{[%clk 0:01:22]} 92. Rc8+ {[%clk 0:02:31]} Kb6 {[%clk 0:01:48]} 93. Rb8+
{[%clk 0:02:37]} Ka6 {[%clk 0:02:05]} 94. Ra8+ {[%clk 0:01:47]} Kb7
{[%clk 0:02:28]} 95. Rh8 {[%clk 0:02:03]} Rc6 {[%clk 0:01:55]} 96. Kc3
{[%clk 0:02:15]} Rb6 {[%clk 0:02:01]} 97. Rh5 {[%clk 0:01:05]} b4+
{[%clk 0:02:18]} 98. Kb2 {[%clk 0:00:41]} Kc6 {[%clk 0:02:41]} 99. Rh6+
{[%clk 0:00:41]} Kb5 {[%clk 0:03:00]} 100. Rh8 {[%clk 0:00:48]} bxa3+
{[%clk 0:02:32]} 101. Kxa3 {[%clk 0:01:04]} Kc4 {[%clk 0:02:45]} 102. Rh5
{[%clk 0:01:03]} Rb1 {[%clk 0:03:03]} 103. Ka2 {[%clk 0:01:05]} Rb5
{[%clk 0:01:54]} 104. Rh3 {[%clk 0:00:49]} Rb8 {[%clk 0:01:59]} 105. Rg3
{[%clk 0:01:02]} Rd8 {[%clk 0:01:53]} 106. Kb2 {[%clk 0:01:16]} Rd2
{[%clk 0:01:32]} 107. Rf3 {[%clk 0:00:55]} Kb4 {[%clk 0:00:53]} 108. Rg3
{[%clk 0:01:04]} Rd6 {[%clk 0:00:41]} 109. Rh3 {[%clk 0:01:05]} Ra6
{[%clk 0:00:51]} 110. Rh4+ {[%clk 0:00:58]} Kb5 {[%clk 0:00:51]} 111. Ka3
{[%clk 0:01:13]} Re6 {[%clk 0:01:03]} 112. Rh3 {[%clk 0:01:27]} Kc4
{[%clk 0:01:00]} 113. Kb2 {[%clk 0:01:18]} Rb6+ {[%clk 0:00:49]} 114. Ka3
{[%clk 0:01:23]} Rb1 {[%clk 0:00:47]} 115. Ka2 {[%clk 0:01:51]} Rb4
{[%clk 0:01:04]} 116. Ka3 {[%clk 0:01:51]} Kb5 {[%clk 0:01:15]} 117. Rg3
{[%clk 0:01:51]} Rb1 {[%clk 0:01:08]} 118. Ka2 {[%clk 0:02:09]} Re1
{[%clk 0:01:27]} 119. Kb2 {[%clk 0:02:26]} Re2 {[%clk 0:01:39]} 120. Rh3
{[%clk 0:02:39]} Kb4 {[%clk 0:01:24]} 121. Rh4+ {[%clk 0:02:33]} c4
{[%clk 0:01:27]} 122. Rh3 {[%clk 0:02:25]} Re5 {[%clk 0:01:49]} 123. Rg3
{[%clk 0:02:32]} Rc5 {[%clk 0:01:22]} 124. Rh3 {[%clk 0:02:31]} c3+
{[%clk 0:01:36]} 125. Ka2 {[%clk 0:02:28]} Rd5 {[%clk 0:02:02]} 126. Rh4+
{[%clk 0:02:25]} Kb5 {[%clk 0:02:26]} 127. Ka3 {[%clk 0:02:14]} Rd2
{[%clk 0:01:39]} 128. Rh5+ {[%clk 0:02:21]} Kc4 {[%clk 0:01:53]} 129. Rh4+
{[%clk 0:02:23]} Kb5 {[%clk 0:01:54]} 130. Rh5+ {[%clk 0:02:47]} Kc4
{[%clk 0:01:50]} 131. Rh4+ {[%clk 0:03:45]} Kd5 {[%clk 0:02:06]} 132. Kxa4
{[%clk 0:02:53]} Rxc2 {[%clk 0:02:29]} 133. Kb3 {[%clk 0:03:17]} Rc1
{[%clk 0:02:52]} 134. Rh5+ {[%clk 0:03:25]} Ke5 1/2-1/2

[Event "Moscow Open F"]
[Site "?"]
[Date "2017.01.29"]
[Round "3.2"]
[White "Kezin, Roman"]
[Black "Bayarmaa, Bayarjargal"]
[Result "1-0"]
[BlackElo "2236"]
[WhiteElo "2439"]
[LiveChessVersion "1.4.8"]

1. d4 Nf6 2. c4 g6 3. Nc3 Bg7 4. e4 d6 5. Nf3 O-O 6. h3 e5 7. d5 a5 8. Bg5 Na6 9.
Nd2 Qe8 10. g4 Nd7 11. a3 f5 12. gxf5 gxf5 13. Rg1 Kh8 14. exf5 e4 15. Be3 Nf6
16. Nb3 Bxf5 17. Nd4 Bd7 18. Qd2 Qf7 19. O-O-O Nc5 20. Kb1 Nh5 21. Be2 Be5 22.
Bg4 Nf4 23. Bxd7 Qxd7 24. Rg4 Qf7 25. f3 Nxh3 26. Rh4 Nf4 27. Rdh1 Ng6 28. Rxh7+
Qxh7 29. Rxh7+ Kxh7 30. Nxe4 Nxe4 31. fxe4 Rf1+ 32. Ka2 Rh1 33. Nf3 Rh5 34. Qg2
Rf8 35. Qg4 Rh1 36. Qd7+ Kg8 37. Nxe5 Nxe5 38. Qxc7 a4 39. Qxd6 Rff1 40. Qe6+ Kh7
41. Qe7+ Kg8 42. Qe8+ Kh7 43. Qxa4 Ra1+ 44. Kb3 Rh3 45. Qa7 Re1 46. Qxb7+ Kg6 47.
Qb6+ Kh5 48. Qh6+ Kg4 49. Qf4+ Kh5 50. Qg5# 1-0

[Event "Moscow Open F"]
[Site "?"]
[Date "2017.01.29"]
[Round "3.3"]
[White "Volodin, Ivan"]
[Black "Lugovskoy, Maxim"]
[Result "1-0"]
[BlackElo "2425"]
[WhiteElo "2265"]
[LiveChessVersion "1.4.8"]

1. c4 {[%clk 1:26:31]} e6 {[%clk 1:30:56]} 2. g3 {[%clk 1:26:50]} d5
{[%clk 1:31:18]} 3. Bg2 {[%clk 1:27:11]} d4 {[%clk 1:28:17]} 4. Nf3
{[%clk 1:26:24]} c5 {[%clk 1:28:34]} 5. O-O {[%clk 1:25:18]} Nc6 {[%clk 1:28:45]}
6. d3 {[%clk 1:25:34]} Nf6 {[%clk 1:28:43]} 7. e3 {[%clk 1:25:51]} Bd6
{[%clk 1:27:37]} 8. exd4 {[%clk 1:25:23]} cxd4 {[%clk 1:28:03]} 9. a3
{[%clk 1:24:05]} a5 {[%clk 1:28:27]} 10. Qc2 {[%clk 1:22:12]} O-O
{[%clk 1:28:01]} 11. Bg5 {[%clk 1:18:16]} h6 {[%clk 1:22:51]} 12. Bxf6
{[%clk 1:17:47]} Qxf6 {[%clk 1:23:16]} 13. c5 {[%clk 1:15:53]} Bc7
{[%clk 1:22:55]} 14. Nbd2 {[%clk 1:16:05]} e5 {[%clk 1:23:11]} 15. Rab1
{[%clk 1:09:14]} a4 {[%clk 1:22:17]} 16. b4 {[%clk 1:09:23]} axb3
{[%clk 1:22:40]} 17. Rxb3 {[%clk 1:09:35]} Qe7 {[%clk 1:20:14]} 18. Rc1
{[%clk 0:52:37]} Ra7 {[%clk 1:19:15]} 19. Qb2 {[%clk 0:51:41]} f5
{[%clk 1:17:40]} 20. Nc4 {[%clk 0:45:41]} Rd8 {[%clk 1:08:59]} 21. Nfd2
{[%clk 0:43:02]} Kh8 {[%clk 1:03:35]} 22. Rb5 {[%clk 0:41:32]} e4
{[%clk 1:00:50]} 23. dxe4 {[%clk 0:40:05]} d3 {[%clk 0:59:35]} 24. Nd6
{[%clk 0:35:51]} Bxd6 {[%clk 0:57:04]} 25. cxd6 {[%clk 0:36:13]} Rxd6
{[%clk 0:55:26]} 26. exf5 {[%clk 0:29:16]} Rf6 {[%clk 0:47:22]} 27. Be4
{[%clk 0:20:53]} Rd6 {[%clk 0:33:22]} 28. Rb3 {[%clk 0:08:23]} Qd8
{[%clk 0:29:12]} 29. f6 {[%clk 0:02:09]} gxf6 {[%clk 0:28:17]} 30. Rxd3
{[%clk 0:02:19]} Rxd3 {[%clk 0:27:29]} 31. Bxd3 {[%clk 0:02:48]} Qxd3
{[%clk 0:24:20]} 32. Qxf6+ {[%clk 0:03:15]} Kg8 {[%clk 0:24:43]} 33. Re1
{[%clk 0:03:40]} Bd7 {[%clk 0:21:28]} 34. Ne4 {[%clk 0:04:05]} Be8
{[%clk 0:15:48]} 35. Qxh6 {[%clk 0:03:57]} Nd4 {[%clk 0:15:55]} 36. Qg5+
{[%clk 0:03:25]} Kf8 {[%clk 0:15:19]} 37. Qf4+ {[%clk 0:03:07]} Kg7
{[%clk 0:12:15]} 38. Qe5+ {[%clk 0:03:29]} Kh7 {[%clk 0:09:37]} 39. Qe7+
{[%clk 0:03:41]} Kh8 {[%clk 0:08:15]} 40. Qxe8+ {[%clk 0:04:05]} Kg7
{[%clk 0:08:40]} 41. Qe7+ {[%clk 0:03:11]} Kh8 {[%clk 0:08:58]} 42. Qf8+
{[%clk 0:03:25]} Kh7 {[%clk 0:09:24]} 43. Ng5+ {[%clk 0:03:36]} Kg6
{[%clk 0:09:49]} 44. Qg8+ {[%clk 0:03:59]} Kh5 {[%clk 0:10:06]} 45. Re4
{[%clk 0:03:10]} Nf5 {[%clk 0:10:01]} 46. g4+ {[%clk 0:03:26]} 1-0

[Event "Moscow Open F"]
[Site "?"]
[Date "2017.01.29"]
[Round "3.4"]
[White "Nikologorskiy, Konstantin"]
[Black "Mamatov, Melis"]
[Result "0-1"]
[BlackElo "2168"]
[WhiteElo "2416"]
[LiveChessVersion "1.4.8"]

1. d4 {[%clk 1:30:57]} f5 {[%clk 1:21:32]} 2. c4 {[%clk 1:31:18]} Nf6
{[%clk 1:21:51]} 3. Nc3 {[%clk 1:31:44]} g6 {[%clk 1:21:54]} 4. g3
{[%clk 1:32:09]} Bg7 {[%clk 1:22:19]} 5. Bg2 {[%clk 1:32:35]} d6 {[%clk 1:22:06]}
6. d5 {[%clk 1:32:31]} e5 {[%clk 1:15:01]} 7. dxe6 {[%clk 1:32:48]} c6
{[%clk 1:15:26]} 8. Bf4 {[%clk 1:30:24]} Bxe6 {[%clk 1:15:43]} 9. Qd3
{[%clk 1:22:59]} d5 {[%clk 1:08:49]} 10. O-O-O {[%clk 1:08:36]} Qb6
{[%clk 0:53:19]} 11. Be5 {[%clk 0:56:41]} Nbd7 {[%clk 0:41:30]} 12. Bd4
{[%clk 0:50:33]} dxc4 {[%clk 0:40:57]} 13. Qd2 {[%clk 0:22:02]} c5
{[%clk 0:26:30]} 14. Na4 {[%clk 0:20:28]} Qb5 {[%clk 0:14:21]} 15. Nc3
{[%clk 0:17:15]} Qa6 {[%clk 0:13:49]} 16. Be3 {[%clk 0:15:45]} O-O-O
{[%clk 0:12:23]} 17. Nh3 {[%clk 0:15:05]} Rhe8 {[%clk 0:08:34]} 18. Qc2
{[%clk 0:12:49]} b5 {[%clk 0:07:37]} 19. Bf4 {[%clk 0:08:06]} Nb8
{[%clk 0:06:58]} 20. Ng5 {[%clk 0:07:42]} Bg8 {[%clk 0:06:55]} 21. Rxd8+
{[%clk 0:03:33]} Rxd8 {[%clk 0:07:24]} 22. Rd1 {[%clk 0:03:50]} Rd7
{[%clk 0:06:37]} 23. Kb1 {[%clk 0:01:22]} Nc6 {[%clk 0:06:17]} 24. Rxd7
{[%clk 0:00:45]} Nxd7 {[%clk 0:06:30]} 25. Qd2 {[%clk 0:01:14]} Nd4
{[%clk 0:02:41]} 26. e3 {[%clk 0:01:40]} b4 {[%clk 0:01:57]} 27. exd4
{[%clk 0:02:08]} bxc3 {[%clk 0:02:15]} 28. Qxc3 {[%clk 0:02:05]} Bxd4
{[%clk 0:01:48]} 29. Qf3 {[%clk 0:02:15]} Qb5 {[%clk 0:00:57]} 30. Qe2
{[%clk 0:02:37]} Nf6 {[%clk 0:00:37]} 31. b3 {[%clk 0:01:38]} Qe8
{[%clk 0:00:38]} 32. Qd2 {[%clk 0:00:40]} cxb3 {[%clk 0:00:50]} 33. axb3
{[%clk 0:00:59]} Qb5 {[%clk 0:00:52]} 34. Kc1 {[%clk 0:00:42]} Bxb3
{[%clk 0:00:56]} 35. Bf3 {[%clk 0:00:34]} Qc4+ {[%clk 0:01:01]} 36. Kb1
{[%clk 0:01:01]} Qa4 {[%clk 0:01:21]} 0-1

[Event "Moscow Open F"]
[Site "?"]
[Date "2017.01.29"]
[Round "3.5"]
[White "Zhileykin, Andrey"]
[Black "Mokshanov, Alexey"]
[Result "1/2-1/2"]
[BlackElo "2413"]
[WhiteElo "2259"]
[LiveChessVersion "1.4.8"]

1. d4 d5 2. c4 e6 3. Nc3 c6 4. e3 Nf6 5. Nf3 Nbd7 6. Qc2 Bd6 7. Bd3 O-O 8. O-O
dxc4 9. Bxc4 a6 10. Rd1 Qc7 11. Bd2 b5 12. Bd3 c5 13. Ne4 c4 14. Nxd6 Qxd6 15.
Be2 Bb7 16. b3 Rfc8 17. Qb2 {[%clk 1:36:51]} Rab8 {[%clk 1:14:53]} 18. Rac1
{[%clk 1:36:39]} Ne4 {[%clk 1:11:26]} 19. Be1 {[%clk 1:34:57]} Bd5
{[%clk 1:08:30]} 20. Ne5 {[%clk 1:31:05]} cxb3 {[%clk 0:38:40]} 21. f3
{[%clk 1:21:09]} Nef6 {[%clk 0:35:24]} 22. axb3 {[%clk 1:20:20]} Qb6
{[%clk 0:28:34]} 23. Bf2 {[%clk 1:20:05]} Bb7 {[%clk 0:28:27]} 24. e4
{[%clk 1:19:15]} Qd8 {[%clk 0:28:35]} 25. Nd3 {[%clk 1:11:17]} Rxc1
{[%clk 0:27:00]} 26. Rxc1 {[%clk 1:10:37]} Rc8 {[%clk 0:27:23]} 27. Rd1
{[%clk 1:04:16]} Qc7 {[%clk 0:26:12]} 28. Rc1 {[%clk 1:03:43]} Qd8
{[%clk 0:26:37]} 29. b4 {[%clk 1:02:41]} Rxc1+ {[%clk 0:21:27]} 30. Qxc1
{[%clk 1:02:48]} h6 {[%clk 0:21:11]} 31. Qb2 {[%clk 1:00:58]} Bc6
{[%clk 0:18:13]} 32. Qc1 {[%clk 0:57:05]} Bb7 {[%clk 0:18:37]} 33. Qf4
{[%clk 0:57:15]} Qb8 {[%clk 0:17:20]} 34. Qd2 {[%clk 0:53:38]} Bc6
{[%clk 0:15:39]} 35. g4 {[%clk 0:53:48]} Qa8 {[%clk 0:15:40]} 36. Qe3
{[%clk 0:53:18]} a5 {[%clk 0:14:39]} 37. bxa5 {[%clk 0:52:39]} Qxa5
{[%clk 0:15:06]} 38. Qc1 {[%clk 0:52:36]} Bb7 {[%clk 0:13:24]} 39. Nc5
{[%clk 0:50:50]} Nxc5 {[%clk 0:12:47]} 40. Qxc5 {[%clk 0:50:38]} Qa1+
{[%clk 0:12:09]} 41. Bf1 {[%clk 0:50:55]} Qd1 {[%clk 0:10:51]} 42. Qxb5
{[%clk 0:49:27]} Qxf3 {[%clk 0:09:40]} 43. Qxb7 {[%clk 0:43:33]} Nxe4
{[%clk 0:09:47]} 44. Qb8+ {[%clk 0:40:02]} Kh7 {[%clk 0:10:10]} 45. Bg3
{[%clk 0:39:30]} Qe3+ {[%clk 0:08:07]} 46. Kg2 {[%clk 0:39:09]} Qd2+
{[%clk 0:07:02]} 47. Kh1 {[%clk 0:39:34]} Qxd4 {[%clk 0:06:05]} 48. Qf4
{[%clk 0:39:42]} Qd5 {[%clk 0:06:05]} 49. Kg1 {[%clk 0:39:24]} Qd4+
{[%clk 0:06:29]} 50. Bf2 {[%clk 0:39:32]} Qxf2+ {[%clk 0:06:48]} 51. Qxf2
{[%clk 0:39:58]} Nxf2 {[%clk 0:07:17]} 52. Kxf2 {[%clk 0:40:21]} f5
{[%clk 0:07:44]} 53. gxf5 1/2-1/2

[Event "Moscow Open F"]
[Site "?"]
[Date "2017.01.29"]
[Round "3.6"]
[White "Vakhlamov, Igor L."]
[Black "Barash, Mikhail"]
[Result "1-0"]
[BlackElo "2117"]
[WhiteElo "2405"]
[LiveChessVersion "1.4.8"]

1. d4 {[%clk 1:30:52]} d5 {[%clk 1:30:09]} 2. c4 {[%clk 1:31:16]} c6
{[%clk 1:30:09]} 3. Nf3 {[%clk 1:31:40]} Nf6 {[%clk 1:30:32]} 4. e3
{[%clk 1:31:51]} a6 {[%clk 1:29:17]} 5. Bd2 {[%clk 1:31:56]} b5 {[%clk 1:27:57]}
6. cxd5 {[%clk 1:32:12]} cxd5 {[%clk 1:28:21]} 7. a4 {[%clk 1:32:37]} bxa4
{[%clk 1:20:57]} 8. Ne5 {[%clk 1:31:41]} Bd7 {[%clk 1:06:52]} 9. Nc3
{[%clk 1:22:31]} e6 {[%clk 0:59:06]} 10. Nxd7 {[%clk 1:22:21]} Nfxd7
{[%clk 0:57:38]} 11. Qxa4 {[%clk 1:18:53]} Be7 {[%clk 0:57:17]} 12. Bd3
{[%clk 1:17:26]} O-O {[%clk 0:55:57]} 13. O-O {[%clk 1:16:52]} Nb6
{[%clk 0:52:51]} 14. Qc2 {[%clk 1:12:21]} h6 {[%clk 0:52:33]} 15. Na4
{[%clk 1:09:57]} N8d7 {[%clk 0:46:30]} 16. b4 {[%clk 1:07:43]} Nxa4
{[%clk 0:38:04]} 17. Rxa4 {[%clk 1:07:34]} Nb6 {[%clk 0:35:06]} 18. Rxa6
{[%clk 1:06:24]} Rxa6 {[%clk 0:35:14]} 19. Bxa6 {[%clk 1:06:46]} Qa8
{[%clk 0:35:30]} 20. Qd3 {[%clk 1:03:53]} Qa7 {[%clk 0:31:06]} 21. Rc1
{[%clk 1:00:38]} Ra8 {[%clk 0:29:27]} 22. Bb5 {[%clk 1:00:59]} Qa2
{[%clk 0:28:10]} 23. g3 {[%clk 0:59:59]} Ra3 {[%clk 0:23:57]} 24. Qc2
{[%clk 0:59:01]} Nc4 {[%clk 0:19:00]} 25. Bxc4 {[%clk 0:58:17]} dxc4
{[%clk 0:19:23]} 26. Qxa2 {[%clk 0:58:32]} Rxa2 {[%clk 0:19:49]} 27. Be1
{[%clk 0:58:54]} Rb2 {[%clk 0:17:09]} 28. Rxc4 {[%clk 0:58:58]} f5
{[%clk 0:15:52]} 29. Bc3 {[%clk 0:53:20]} Rc2 {[%clk 0:11:30]} 30. b5
{[%clk 0:52:50]} Rc1+ {[%clk 0:11:59]} 31. Kg2 {[%clk 0:53:14]} Rb1
{[%clk 0:12:25]} 32. Rc7 {[%clk 0:52:44]} 1-0

[Event "Moscow Open F"]
[Site "?"]
[Date "2017.01.29"]
[Round "3.7"]
[White "Matsenko, Andrei"]
[Black "Platonov, Dmitriy"]
[Result "0-1"]
[BlackElo "2109"]
[WhiteElo "2356"]
[LiveChessVersion "1.4.8"]

1. e4 {[%clk 1:30:43]} c5 {[%clk 1:30:53]} 2. Nf3 {[%clk 1:31:09]} e6
{[%clk 1:31:15]} 3. b3 {[%clk 1:31:34]} Nc6 {[%clk 1:30:32]} 4. Bb2
{[%clk 1:31:53]} d6 {[%clk 1:29:12]} 5. d4 {[%clk 1:31:49]} cxd4 {[%clk 1:28:32]}
6. Nxd4 {[%clk 1:32:16]} e5 {[%clk 1:13:27]} 7. Nb5 {[%clk 1:27:39]} Nf6
{[%clk 1:13:18]} 8. Bd3 {[%clk 1:27:24]} a6 {[%clk 1:09:35]} 9. N5a3
{[%clk 1:25:56]} Be6 {[%clk 0:59:55]} 10. c4 {[%clk 1:25:34]} Be7
{[%clk 0:59:45]} 11. O-O {[%clk 1:25:30]} O-O {[%clk 0:59:16]} 12. Nc3
{[%clk 1:25:18]} Rb8 {[%clk 0:56:23]} 13. Nc2 {[%clk 1:24:00]} Qa5
{[%clk 0:52:06]} 14. a4 {[%clk 1:20:06]} Qb6 {[%clk 0:49:28]} 15. Ne3
{[%clk 1:18:53]} Nd4 {[%clk 0:49:34]} 16. Bc2 {[%clk 1:18:54]} Rfc8
{[%clk 0:49:10]} 17. Ne2 {[%clk 1:13:41]} Nxc2 {[%clk 0:48:06]} 18. Qxc2
{[%clk 1:13:03]} Qc6 {[%clk 0:45:39]} 19. Nc3 {[%clk 1:09:05]} b5
{[%clk 0:44:07]} 20. Rfd1 {[%clk 1:09:08]} bxc4 {[%clk 0:43:49]} 21. Ncd5
{[%clk 1:05:53]} Bxd5 {[%clk 0:43:17]} 22. exd5 {[%clk 1:06:06]} Qb6
{[%clk 0:42:44]} 23. Ra3 {[%clk 1:05:36]} cxb3 {[%clk 0:41:54]} 24. Qd3
{[%clk 1:05:51]} Nd7 {[%clk 0:37:59]} 25. Nf5 {[%clk 1:02:32]} Bf8
{[%clk 0:38:03]} 26. Qg3 {[%clk 1:02:56]} Kh8 {[%clk 0:37:20]} 27. Raa1
{[%clk 1:01:36]} Nc5 {[%clk 0:33:34]} 28. a5 {[%clk 0:59:46]} Qb5
{[%clk 0:33:21]} 29. f4 {[%clk 1:00:00]} f6 {[%clk 0:27:56]} 30. fxe5
{[%clk 0:56:26]} fxe5 {[%clk 0:28:05]} 31. Nh4 {[%clk 0:54:38]} Qe2
{[%clk 0:18:40]} 32. Ba3 {[%clk 0:54:16]} b2 {[%clk 0:18:33]} 33. Rab1
{[%clk 0:54:00]} Qxd1+ {[%clk 0:15:58]} 34. Rxd1 {[%clk 0:54:26]} b1=Q
{[%clk 0:16:15]} 35. Qg4 {[%clk 0:54:37]} Qe4 {[%clk 0:16:08]} 36. Qh5
{[%clk 0:54:58]} Rb1 {[%clk 0:15:14]} 0-1

[Event "Moscow Open F"]
[Site "?"]
[Date "2017.01.29"]
[Round "3.8"]
[White "Nasybullina, Alfia"]
[Black "Vaseptsov, Maxim"]
[Result "1/2-1/2"]
[BlackElo "2348"]
[WhiteElo "2219"]
[LiveChessVersion "1.4.8"]

1. d4 f5 2. Nc3 g6 3. e4 fxe4 4. Nxe4 Bg7 5. Nf3 d5 6. Nc5 Nh6 7. Bxh6 Bxh6 8. h4
Qd6 9. Nd3 Bf5 10. c3 Nd7 11. Nde5 Bg7 12. Nxd7 Bxd7 13. Bd3 O-O-O 14. Qd2 Bg4
15. Qe3 Bxf3 16. Qxf3 e5 17. dxe5 Qxe5+ 18. Qe2 Qf6 19. Qg4+ Kb8 20. O-O Rhf8 21.
Rae1 Rde8 22. Rxe8+ Rxe8 23. h5 gxh5 24. Qxh5 Rd8 25. Qg5 h6 26. Qxf6 Bxf6 27.
Re1 c6 28. g3 Kc7 29. Kg2 Rf8 30. Rh1 Rh8 31. Re1 Rf8 32. Rh1 Rh8 33. Re1 Rf8
1/2-1/2